Advertising & promotion

Guardat en:
Dades bibliogràfiques
Autor principal: HACKLEY, Chris
Format: Llibre
Idioma:anglès
Publicat: Sage 2018
Etiquetes: Afegir etiqueta
Sense etiquetes, Sigues el primer a etiquetar aquest registre!

MARC

LEADER 00000nam a22000007a 4500
008 210125b ||||| |||| 00| 0 eng d
020 |a 978-1-47399-799-8 
100 |a HACKLEY, Chris. 
245 |a Advertising & promotion  |c Chris Hackley and Rungpaka Amy Hackley.  |g xiv; 370p.; ill. 
250 |b 4th ed. 
260 |b Sage  |c 2018  |h Los Angeles  |i 693409  |i 693410  |l HF5823 .H11  |m Advertising.  |m Advertising – Social aspects  |m Sales promotion.  |m Advertising – Brand name products. 
942 |a ddc  |c BK  |e YUNUSA, A.A.  |f 25/01/2021 
952 |0 0  |1 0  |2 lcc  |4 0  |6 HF5823 H11  |7 0  |9 1722  |a HOL  |b MPL  |c GJ  |d 2021-01-25  |l 0  |o HF5823 .H11  |p 2021-0500  |r 2021-01-25 00:00:00  |w 2021-01-25  |y BK 
952 |0 0  |1 0  |2 lcc  |4 0  |6 HF5823 H11  |7 0  |9 1723  |a HOL  |b HOL  |c GJ  |d 2021-01-25  |l 0  |o HF5823 .H11  |p 2021-0501  |r 2021-01-25 00:00:00  |w 2021-01-25  |y BK 
999 |c 914  |d 914